00582 2200193 4500001002100000005001500021035002000036245009900056100002700155250001000182300002900192260004300221082001100264084001700275020002200292520002100314008004100335650001200376INLIS00000000000095420260305092259 a0010-02240000491 aPanduan lengkap & praktis budidaya kambing yang paling menguntungkan /cFitri Haryani Nasution0 aFitri Haryani Nasution aCet I a84 hlm. :bilus ;c23 cm aJakarta Timur :bGaruda Pustaka,c2019 a636.39 a636.39 FIT p a978-602-6409-75-1 aBudidaya Kambing260305 g 0 ind  4aKambing